The dilemma of organizational society
Saved in:
| Main Author: | |
|---|---|
| Format: | Book |
| Language: | Undetermined |
| Published: |
New York
E. P. Duton & Co., Inc.
1963
|
| Subjects: | |
| Tags: |
Add Tag
No Tags, Be the first to tag this record!
|
| Institutions: | Trung tâm Học liệu Trường Đại học Cần Thơ |
|---|
| LEADER | 00499nam a2200181Ia 4500 | ||
|---|---|---|---|
| 001 | CTU_89478 | ||
| 008 | 210402s9999 xx 000 0 und d | ||
| 082 | |a 309.173 | ||
| 082 | |b R972 | ||
| 100 | |a Rutenbeek, Hendrik M. | ||
| 245 | 4 | |a The dilemma of organizational society | |
| 245 | 0 | |c Hendrik M. Rutenbeek | |
| 260 | |a New York | ||
| 260 | |b E. P. Duton & Co., Inc. | ||
| 260 | |c 1963 | ||
| 650 | |a Individualism | ||
| 904 | |i Mai Loan | ||
| 980 | |a Trung tâm Học liệu Trường Đại học Cần Thơ | ||